| 000 | 00745cam a2200217 4500 | ||
|---|---|---|---|
| 001 | 2598 | ||
| 005 | 20181127165336.0 | ||
| 008 | 890808s1990 nyu b 001 0 eng | ||
| 010 | _a 89039128 | ||
| 020 | _a0029037611 | ||
| 043 | _an-us--- | ||
| 100 | 1 | _aBork, Robert H. | |
| 245 | 1 | 4 |
_aThe tempting of America : _bthe political seduction of the law / _cRobert H. Bork. |
| 260 |
_aNew York : _bFree Press ; _aLondon : _bCollier Macmillan, _cc1990. |
||
| 300 |
_axiv, 432 p. ; _c24 cm. |
||
| 504 | _aIncludes bibliographical references. | ||
| 650 | 0 |
_aConstitutional law _zUnited States. |
|
| 650 | 0 |
_aJudicial power _zUnited States. |
|
| 650 | 0 |
_aJudicial review _zUnited States. |
|
| 650 | 0 |
_aPolitical questions and judicial power _zUnited States. |
|
| 999 |
_c2063 _d2063 |
||